Великая Октябрьская социалистическая революция - коренной перелом в истории человечества (Запись № 6369405)

Подробности
000 -МАРКЕР
контрольное поле 01726nam0a22002891 4500
001 - ИДЕНТИФИКАТОР ЗАПИСИ
контрольное поле rc\3529247
005 - ИДЕНТИФИКАТОР ВЕРСИИ
контрольное поле 20230911132719.0
021 ## - НОМЕР ГОСУДАРСТВЕННОЙ РЕГИСТРАЦИИ
Код страны Российская Федерация
Номер [69-42193]
035 ## - ДРУГИЕ СИСТЕМНЫЕ НОМЕРА
Идентификатор записи (NLR Aleph) 007664660
100 ## - ДАННЫЕ ОБЩЕЙ ОБРАБОТКИ
Данные общей обработки 20130115d1969 |||y0rusy50 ca
101 0# - ЯЗЫК РЕСУРСА
Язык текста, звукозаписи и т.д. русский
102 ## - СТРАНА ПУБЛИКАЦИИ ИЛИ ПРОИЗВОДСТВА
Страна публикации Российская Федерация
105 ## - ПОЛЕ КОДИРОВАННЫХ ДАННЫХ: ТЕКСТОВЫЕ МАТЕРИАЛЫ, МОНОГРАФИЧЕСКИЕ
Кодированные данные о монографическом текстовом документе y z |||||
200 1# - ЗАГЛАВИЕ И СВЕДЕНИЯ ОБ ОТВЕТСТВЕННОСТИ
Основное заглавие Великая Октябрьская социалистическая революция - коренной перелом в истории человечества
Сведения, относящиеся к заглавию (Материалы Науч.-теорет. конференции преподавателей обществ. наук вузов Ленинграда)
Первые сведения об ответственности [Ред. коллегия: проф. С.И. Тюльпанов (отв. ред.) и др.]
Последующие сведения об ответственности М-во высш. и сред. спец. образования РСФСР. Сев.-Зап. совет по координации и планированию науч.-исслед. работ по гуманитарным наукам
210 ## - ПУБЛИКАЦИЯ, РАСПРОСТРАНЕНИЕ И ДР.
Место издания, распространения и т.д. Ленинград
Имя издателя, распространителя и т. д. Изд-во Ленингр. ун-та
Дата издания, распространения и т.д. 1969
215 ## - ФИЗИЧЕСКАЯ ХАРАКТЕРИСТИКА
Специфическое обозначение материала и объем 272 с.
Размеры 22
606 ## - НАИМЕНОВАНИЕ ТЕМЫ КАК ПРЕДМЕТ
Наименование темы Общественные науки
Формальный подзаголовок Сборники
Код системы psbo
606 ## - НАИМЕНОВАНИЕ ТЕМЫ КАК ПРЕДМЕТ
Наименование темы Великая Октябрьская социалистическая революция
Формальный подзаголовок Сборники
Код системы psbo
702 #1 - ИМЯ ЛИЦА - ВТОРИЧНАЯ ОТВЕТСТВЕННОСТЬ
Начальный элемент ввода Тюльпанов
Часть имени, кроме начального элемента ввода С. И.
Расширение инициалов личного имени Сергей Иванович
Код отношения Редактор
712 12 - НАИМЕНОВАНИЕ ОРГАНИЗАЦИИ - ВТОРИЧНАЯ ОТВЕТСТВЕННОСТЬ
Начальный элемент ввода Научно-теоретическая конференция преподавателей общественных наук вузов Ленинграда (1969; Ленинград)
801 #0 - ИСТОЧНИК ЗАПИСИ
Страна Российская Федерация
Организация NLR
Правила каталогизации psbo
801 #1 - ИСТОЧНИК ЗАПИСИ
Страна Российская Федерация
Организация ELAR
Источник данных rusmarc
852 ## - МЕСТОНАХОЖДЕНИЕ И ШИФР ХРАНЕНИЯ
Идентификатор организации NLR
Шифр хранения (Call Number) 69-5/2728
942 ## - ДОПОЛНИТЕЛЬНЫЕ ЭЛЕМЕНТЫ ЗАПИСИ (АБИС)
Тип экземпляра АБИС Книга
980 ## - КОЛЛЕКЦИЯ
Название коллекции Национальная библиография
Экземпляры
Тип экземпляра Дата поступления Библиотека постоянного хранения Библиотека текущего хранения Место хранения Шифр хранения Штрих-код Статус экземпляра
Книга 26.10.2013 РНБ (Московский) РНБ (Московский) Русский книжный фонд: издания с 1957 года 69-5/2728 1-517987